000 003210000a22000970004500
245 1 0 _aEl mensaje que de él, hemos oído
300 _aVol.17, núm.17 (Junio, 2005), Página 9
500 _a(Tomado del catecismo holandés), parafraseado por el Revdo. Gerardo Wilches.
773 0 _tLa Voz Luterana de Colombia
942 _cANA
999 _c60542
_d60542